00571nam a2200217 a 4500001001300000003000900013005001700022008004100039020001000080082001400090100001700104245001800121260002300139500003500162650001200197700001700209902000800226942000700234952009500241999001700336nice12345678IN_TiNIC20260116014235.0070312s2000 dela grd 000 0 hin  ac10000a306bRAZ4 aRaza, Gauhar aNaari Andolan aDelhibAnhadc2000 aincludes index and biblioraphy aFiction1 aRaza, Gauhar bSRS cND 00104070aHMIbHMId2008-03-17g100.00l0o306 RAZ4p021420r2008-03-17w2026-01-16yVM c14477d14477